[Event "Merida World Heritage op 1st"]
[Site "Merida"]
[Date "2021.08.05"]
[Round "3"]
[White "Ribeiro, Francisco Adriano"]
[Black "Asensio Miranda, Carlos"]
[Result "1/2-1/2"]
[WhiteElo "1207"]
[BlackElo "1475"]
[PlyCount "71"]
[EventDate "2021.08.04"]
[EventType "swiss"]
[EventRounds "9"]
[EventCountry "ESP"]
[SourceTitle "EXT 2023"]
[Source "ChessBase"]
[SourceDate "2022.10.05"]
[SourceVersion "1"]
[SourceVersionDate "2022.10.05"]
[SourceQuality "1"]

1. Nf3 Nf6 2. Nc3 d5 3. d4 c5 4. Bf4 Nc6 5. e3 a6 6. Be2 e6 7. 0-0 cxd4 8. exd4 Bd6 9. Ne5 Bxe5 10. Bxe5 Nxe5 11. dxe5 Nd7 12. Qd4 Qb6 13. Qxb6 Nxb6 14. Rad1 0-0 15. b3 Bd7 16. Bd3 Rfc8 17. Ne2 Bb5 18. Nd4 Bxd3 19. Rxd3 Nd7 20. Re1 Nc5 21. Rde3 Ne4 22. f4 a5 23. f5 Re8 24. fxe6 fxe6 25. c4 Ng5 26. Nb5 dxc4 27. Nc7 cxb3 28. axb3 Nf7 29. Nxa8 Rxa8 30. Ra1 b6 31. h4 Rd8 32. Rc1 Nh6 33. Rec3 Rd5 34. Rc8+ Kf7 35. R8c7+ Kg6 36. R7c6 1/2-1/2